Diferenciácia kmeňov Shigella sonnei na princípe kolicinogenotypizácie pre epidemiologické účely

Bibliographic Details
Main Authors: Kušnierová, Mária, 1946- (Author), Hausnerová, Helena (Author), Varga, Vincent (Author)
Format: Article
Language:Slovak
Subjects:

MARC

LEADER 00000nab a2200000 a 4500
001 vtls000827927
003 SK-MaSNL
005 20260303182629.0
008 141122c2002 xo 0 slo
015 |a SNBRB2003/03-07944 
035 |a CLN000179582 
040 |a SNKBUCL  |b slo  |c SNKBUCL  |e AACR2 
041 0 |a slo 
044 |a xo  |c SK 
080 |a 616.935-07:57.083  |2 1997 
100 1 |a Kušnierová, Mária,  |d 1946-  |4 aut  |9 167336 
245 1 0 |a Diferenciácia kmeňov Shigella sonnei na princípe kolicinogenotypizácie pre epidemiologické účely  |c Mária Kušnierová, Helena Hausnerová, Vincent Varga 
300 |b Graf, tab. 
504 |a Res. slov. 
650 0 7 |a sérotypizácia  |2 snkbucl  |9 1055273 
650 0 7 |a Shigella sonnei  |2 snkbucl  |9 1210720 
650 0 7 |a techniky typizácie, baktériové  |2 snkbucl  |9 862137 
650 0 7 |a dyzentéria  |x epidemiológia  |x diagnóza  |2 snkbucl  |9 1210719 
650 0 7 |a kolicíny  |2 snkbucl  |9 24749 
655 7 |a články z novín a časopisov  |2 snkbucl  |9 267496 
700 1 |a Hausnerová, Helena  |4 aut  |9 1210721 
700 1 |a Varga, Vincent  |4 aut  |9 776982 
773 0 |t Správy klinickej mikrobiológie  |g Roč. 2, č. 3 (2002), s. 31-36  |x 1335-8219 
850 |a Slovenská národná knižnica v Martine 
852 |a SNK  |b KIS3GCP 
958 |a MI 
999 |c 2117708  |d 2119638